Non Country Flags #1 - Statistics

General Stats
  • This quiz has been taken 3,747 times
  • The average score is 5 of 15
Answer Stats
Picture Answer % Correct
Wales
99%
Greenland
87%
Hong Kong
86%
South Carolina
38%
Reunion
29%
Jerusalem
27%
Dublin
24%
New York City
24%
Pitcairn Islands
24%
Nova Scotia
20%
Andalucia
19%
British Antarctic Territory
17%
New South Wales
13%
Cheshire
6%
Irkutsk Oblast
5%
No matching quizzes found
Score Distribution
Percent of People with Each Score
Percentile by Number Answered
Your Score History
You have not taken this quiz